000 01221nam a2200241 i 4500
001 bg
100 1 _aGermaniuk, Krzysztof.
245 1 0 _aWyroby i systemy do naprawy konstrukcji betonowych :
_bzalecenia IBDiM do udzielania aprobat technicznych nr Z/2009-03-019 /
_c[aut. : Krzysztof Germaniuk, Tomasz Gajda, Agnieszka Królikowska] ; Instytut Badawczy Dróg i Mostów. Zakład Mostów.
260 _aWarszawa :
_bInstytut Badawczy Dróg i Mostów. Branżowy Ośrodek Informacji Naukowej, Technicznej i Ekonomicznej Drogownictwa,
_c2010.
300 _a26 s. ;
_c24 cm.
490 _aInformacje, Instrukcje / Instytut Badawczy Dróg i Mostów. Branżowy Ośrodek Informacji Naukowej, Technicznej i Ekonomicznej Drogownictwa,
_x1231-0638 ;
_vz. 78
504 _aBibliogr. s. 23-25.
650 9 _aKonstrukcje betonowe
_xremont
_xnormalizacja
_zPolska
830 0 _aInformacje, Instrukcje - Instytut Badawczy Dróg i Mostów,
_x1231-0638 ;
_vz. 78
022 _a12310638
040 _cBPK
041 0 _apol
044 _aPOL
080 _a624.012.4:69.059.25](438)(083.1)
942 _cKS
008 100529s2010 pl |000 0 pol
999 _c49838
_d49838
856 _uhttp://koha.tu.koszalin.pl/cgi-bin/koha/opac-detail.pl?biblionumber=49838
_yKatalog online BPK